[Event "Open Parla 2008"]
[Site "Parla ESP"]
[Date "2008.09.12"]
[Round "7.8"]
[White "Ivanovitch Balsinde, Nicolas"]
[Black "Roa Alonso, Santiago"]
[Result "0-1"]
[WhiteElo "2149"]
[BlackElo "2465"]
[PlyCount "100"]
[EventDate "2008.09.06"]
[EventType "swiss"]
[EventRounds "9"]
[EventCountry "AUT"]
[Source "lmi"]
[SourceDate "2008.09.06"]

1. e4 e5 2. Bc4 Nf6 3. d3 c6 4. Nf3 d5 5. Bb3 Bd6 6. Nc3 d4 7. Ne2 c5 8. Ng3
Nc6 9. O-O O-O 10. Nh4 g6 11. Bg5 h6 12. Bxh6 Ng4 13. Nxg6 Nxh6 14. Qh5 Kg7 15.
Nxf8 Qf6 16. f4 exf4 17. e5 Qxe5 18. Rae1 Qxh5 19. Nxh5+ Kxf8 20. Nxf4 Ng4 21.
Ne6+ Bxe6 22. Bxe6 Nge5 23. Re2 Re8 24. Bd5 Re7 25. h3 Nb4 26. Be4 Nxa2 27. Ra1
Nb4 28. Rxa7 Nec6 29. Ra1 Nd5 30. Rf2 Ne3 31. g4 Kg7 32. Re2 Re6 33. c3 Rh6 34.
Bg2 Ne5 35. cxd4 cxd4 36. Ra4 Bc5 37. b4 Bb6 38. Ra3 Kg6 39. Kf2 Kg5 40. Ra8
Nxd3+ 41. Kg3 Bc7+ 42. Kf3 Rf6+ 43. Ke4 Nf2+ 44. Kxd4 Bb6+ 45. Kc3 Nxg2 46. Rh8
Ne3 47. Rg8+ Kh4 48. Rh8+ Kg3 49. g5 Rd6 50. Re8 Rd3+ 0-1

[Event "Open Parla 2008"]
[Site "Parla ESP"]
[Date "2008.09.12"]
[Round "7.9"]
[White "Lopez-Andujar Ocana, Antonio"]
[Black "Cabrera Trujillo, Jorge"]
[Result "1-0"]
[WhiteElo "2138"]
[BlackElo "2423"]
[PlyCount "59"]
[EventDate "2008.09.06"]
[EventType "swiss"]
[EventRounds "9"]
[EventCountry "AUT"]
[Source "lmi"]
[SourceDate "2008.09.06"]

1. c4 Nf6 2. Nc3 g6 3. g3 Bg7 4. Bg2 O-O 5. e4 e5 6. Nge2 d6 7. d3 Nc6 8. O-O
Nh5 9. Rb1 Be6 10. b4 Qd7 11. Nd5 Nd4 12. Nxd4 exd4 13. f4 f5 14. exf5 Bxf5 15.
b5 Rae8 16. Bf3 Nf6 17. Nxf6+ Bxf6 18. Bxb7 Qe7 19. Bc6 Bh3 20. Bxe8 Rxe8 21.
Rb2 Kg7 22. Kf2 Qe3+ 23. Bxe3 dxe3+ 24. Ke2 Bxb2 25. Rf3 Bg2 26. Rxe3 Bh3 27.
Rxe8 Bg4+ 28. Kd2 Bxd1 29. Kxd1 Bd4 30. Re7+ 1-0

[Event "Open Parla 2008"]
[Site "Parla ESP"]
[Date "2008.09.12"]
[Round "7.10"]
[White "Almagro Llanas, Pablo"]
[Black "Huguet Mainar, Sergio"]
[Result "1-0"]
[WhiteElo "2492"]
[BlackElo "2109"]
[PlyCount "109"]
[EventDate "2008.09.06"]
[EventType "swiss"]
[EventRounds "9"]
[EventCountry "AUT"]
[Source "lmi"]
[SourceDate "2008.09.06"]

1. e4 d5 2. exd5 Qxd5 3. Nc3 Qa5 4. d4 Nf6 5. Nf3 Bf5 6. Ne5 c6 7. Bc4 e6 8.
O-O Nbd7 9. Qe2 Bb4 10. Bd2 Nxe5 11. dxe5 Nd5 12. Bxd5 cxd5 13. a3 Bxc3 14.
Bxc3 Qa6 15. Qd2 O-O 16. Bd4 Qa4 17. Rac1 Rfc8 18. c3 Qc4 19. Rfe1 Qd3 20. Qf4
Bg6 21. Rcd1 Qf5 22. Qe3 Qe4 23. Bxa7 Qxe3 24. Bxe3 Rc4 25. Bd4 h5 26. Rd2 Bf5
27. f3 g5 28. Kf2 g4 29. fxg4 Bxg4 30. Kg3 Kh7 31. Kh4 Kh6 32. Rf2 Bf5 33. Re3
Rg8 34. h3 Rg7 35. Ref3 Bg6 36. Rg3 Rc8 37. Rg5 Kh7 38. Rf4 Rh8 39. a4 Kg8 40.
Bc5 Be4 41. g3 Rh6 42. Be7 Rhg6 43. a5 f5 44. exf6 Rxg5 45. fxg7 Rxg7 46. Rf8+
Kh7 47. Bf6 Rg8 48. Rxg8 Kxg8 49. Kxh5 Kh7 50. Kg5 Bg2 51. h4 Bh3 52. b4 Bf1
53. Be5 Kg8 54. Kf6 Bh3 55. b5 1-0

[Event "Open Parla 2008"]
[Site "Parla ESP"]
[Date "2008.09.12"]
[Round "7.11"]
[White "Arribas Lopez, Angel"]
[Black "Cabanas Bravo, Juan Andres"]
[Result "1-0"]
[WhiteElo "2332"]
[BlackElo "2019"]
[PlyCount "57"]
[EventDate "2008.09.06"]
[EventType "swiss"]
[EventRounds "9"]
[EventCountry "AUT"]
[Source "lmi"]
[SourceDate "2008.09.06"]

1. e4 e5 2. Nf3 Nc6 3. Bb5 a6 4. Ba4 Nf6 5. d3 b5 6. Bb3 Bc5 7. Nc3 d6 8. Nd5
h6 9. c3 O-O 10. Be3 Bxe3 11. fxe3 Rb8 12. O-O Nxd5 13. Bxd5 Ne7 14. Bb3 Ng6
15. Qe1 Kh7 16. Qg3 f5 17. exf5 Bxf5 18. Bc2 Rf6 19. h4 Qe8 20. h5 Nf8 21. Nh4
Bd7 22. d4+ Kh8 23. Rxf6 gxf6 24. Rf1 Qxh5 25. Rxf6 Qg5 26. Qf2 Ne6 27. Ng6+
Kg8 28. Ne7+ Kh8 29. Rf7 1-0

[Event "Open Parla 2008"]
[Site "Parla ESP"]
[Date "2008.09.12"]
[Round "7.12"]
[White "Coleto Calderon, Jose Antonio"]
[Black "Ruiz Saiz, Agustin"]
[Result "0-1"]
[WhiteElo "2122"]
[BlackElo "2274"]
[PlyCount "72"]
[EventDate "2008.09.06"]
[EventType "swiss"]
[EventRounds "9"]
[EventCountry "AUT"]
[Source "lmi"]
[SourceDate "2008.09.06"]

1. d4 f5 2. e4 fxe4 3. Nc3 Nf6 4. Bg5 Nc6 5. d5 Ne5 6. Qd4 Nf7 7. h4 c6 8. Bxf6
gxf6 9. O-O-O Qb6 10. Qxe4 Qxf2 11. dxc6 bxc6 12. Bc4 Bh6+ 13. Kb1 Qf4 14. Qe2
Rb8 15. Bxf7+ Kxf7 16. Qh5+ Kg7 17. Rh3 Qe5 18. Qf3 d5 19. Rg3+ Kf7 20. Nge2
Rb4 21. Nc1 Bxc1 22. Rxc1 Rxh4 23. a3 d4 24. Nd1 Be6 25. Qf2 Re4 26. Rf3 c5 27.
Qd2 c4 28. Nf2 c3 29. Qd3 Re3 30. Rxe3 dxe3 31. Nh3 cxb2 32. Re1 Rb8 33. Rd1
Kg7 34. Ng1 Bf5 35. Qd4 Qxd4 36. Rxd4 Bxc2+ 0-1

[Event "Open Parla 2008"]
[Site "Parla ESP"]
[Date "2008.09.12"]
[Round "7.14"]
[White "Baigorri Navarro, Francisco Javie"]
[Black "Vazquez Gonzalez, Francisco"]
[Result "1-0"]
[WhiteElo "2178"]
[BlackElo "2125"]
[PlyCount "95"]
[EventDate "2008.09.06"]
[EventType "swiss"]
[EventRounds "9"]
[EventCountry "AUT"]
[Source "lmi"]
[SourceDate "2008.09.06"]

1. Nf3 f5 2. g3 Nf6 3. Bg2 d6 4. c4 g6 5. O-O Bg7 6. Nc3 O-O 7. d3 e5 8. e4
fxe4 9. dxe4 Nc6 10. h3 h6 11. Be3 Kh7 12. c5 Be6 13. cxd6 cxd6 14. Qd2 d5 15.
exd5 Nxd5 16. Nxd5 Bxd5 17. Qxd5 Qxd5 18. Ng5+ hxg5 19. Bxd5 Nd4 20. Bxg5 Rac8
21. Be4 Rc4 22. Rfe1 b6 23. b3 Rc7 24. Rad1 Rff7 25. Kg2 Nb5 26. Bd8 Rc8 27.
Bg5 Nc3 28. Rd2 Nxe4 29. Rxe4 Rfc7 30. Rh4+ Kg8 31. Rd6 Kf7 32. Rh7 Kg8 33. Rh4
Rc6 34. Rd7 R6c7 35. Rxc7 Rxc7 36. Rc4 Rd7 37. Be3 Kf7 38. Kf3 Ke6 39. Ke4 Kd6
40. h4 Rf7 41. b4 Rd7 42. b5 Ke7 43. Rc6 Kf7 44. g4 Bf6 45. h5 gxh5 46. gxh5
Re7 47. Kf5 Bh8 48. Bg5 1-0

[Event "Open Parla 2008"]
[Site "Parla ESP"]
[Date "2008.09.12"]
[Round "7.15"]
[White "Salcedo Tornero, Pablo"]
[Black "Anton Guijarro, David"]
[Result "1-0"]
[WhiteElo "2157"]
[BlackElo "2055"]
[PlyCount "93"]
[EventDate "2008.09.06"]
[EventType "swiss"]
[EventRounds "9"]
[EventCountry "AUT"]
[Source "lmi"]
[SourceDate "2008.09.06"]

1. e4 c5 2. Nf3 e6 3. d3 Nc6 4. g3 g6 5. Bg2 Bg7 6. O-O d6 7. c3 e5 8. Nbd2
Nge7 9. a3 O-O 10. b4 h6 11. Nb3 b6 12. b5 Nb8 13. Bb2 Bb7 14. Qe2 a6 15. a4
Nd7 16. d4 Qc7 17. dxe5 dxe5 18. c4 Rfe8 19. h4 Nf8 20. Bh3 a5 21. h5 gxh5 22.
Rfd1 Neg6 23. Bf5 Rad8 24. Nbd2 Ne7 25. Nh4 Rd6 26. Qxh5 Red8 27. Nf1 Nfg6 28.
Rxd6 Qxd6 29. Ne3 Nxh4 30. Qxh4 Qf6 31. Qxf6 Bxf6 32. Ng4 Kg7 33. f4 Nxf5 34.
exf5 h5 35. fxe5 hxg4 36. exf6+ Kh7 37. Be5 Rd2 38. Bc7 Rg2+ 39. Kf1 Kh6 40.
Bf4+ Kh7 41. Rd1 Rh2 42. Rd7 Bf3 43. Rxf7+ Kg8 44. Rg7+ Kh8 45. Re7 Kg8 46. f7+
Kg7 47. Rc7 1-0

[Event "Open Parla 2008"]
[Site "Parla ESP"]
[Date "2008.09.12"]
[Round "7.16"]
[White "Montanes Arribas, Adrian"]
[Black "Lozano Cortijo, Mariano"]
[Result "1/2-1/2"]
[WhiteElo "2034"]
[BlackElo "2156"]
[PlyCount "63"]
[EventDate "2008.09.06"]
[EventType "swiss"]
[EventRounds "9"]
[EventCountry "AUT"]
[Source "lmi"]
[SourceDate "2008.09.06"]

1. e4 e6 2. d4 d5 3. Nc3 Bb4 4. e5 Qd7 5. a3 Bxc3+ 6. bxc3 b6 7. Qg4 f5 8. Qg3
Qf7 9. Nh3 h6 10. Nf4 g5 11. Nd3 Ba6 12. h4 g4 13. a4 Nc6 14. Nf4 Bxf1 15. Kxf1
Na5 16. Qd3 Nc4 17. Ba3 h5 18. g3 a5 19. Kg2 Rh7 20. Qd1 O-O-O 21. Bc1 Re8 22.
Nd3 Qd7 23. Bg5 Qc6 24. Qb1 Ne7 25. Qb3 Ng6 26. Rhd1 Rf7 27. Rdb1 Ref8 28. Qb5
Qxb5 29. Rxb5 Kd7 30. Bh6 Rh8 31. Bg5 Rhf8 32. Bh6 1/2-1/2

[Event "Open Parla 2008"]
[Site "Parla ESP"]
[Date "2008.09.12"]
[Round "7.17"]
[White "Moreno Ruiz, Javier"]
[Black "Fernandez Garcia, Ignacio"]
[Result "1-0"]
[WhiteElo "2470"]
[BlackElo "1988"]
[PlyCount "95"]
[EventDate "2008.09.06"]
[EventType "swiss"]
[EventRounds "9"]
[EventCountry "AUT"]
[Source "lmi"]
[SourceDate "2008.09.06"]

1. d4 Nf6 2. c4 d6 3. Nc3 g6 4. e4 Bg7 5. f4 c6 6. Nf3 Na6 7. Be2 c5 8. d5 Nc7
9. O-O O-O 10. Qe1 a6 11. a4 Rb8 12. Qh4 e6 13. dxe6 fxe6 14. Be3 Nh5 15. Qxd8
Rxd8 16. Rad1 b6 17. e5 Bf8 18. g4 Ng7 19. Ne4 Nce8 20. exd6 Bxd6 21. Ne5 Bb7
22. Nxd6 Nxd6 23. a5 bxa5 24. Bxc5 Ne4 25. Bb6 Re8 26. Bf3 Nf6 27. c5 Bxf3 28.
Rxf3 Nd5 29. Nd7 Rb7 30. Rxd5 exd5 31. Nf6+ Kf7 32. Nxe8 Nxe8 33. Ra3 Nf6 34.
Rxa5 Ke6 35. Rxa6 Nxg4 36. h3 Nh6 37. c6 Rb8 38. Bd4 Rc8 39. b4 Nf5 40. Be5 d4
41. b5 Kd5 42. Ra7 Kc5 43. Rb7 d3 44. Kf2 h6 45. c7 g5 46. Rb8 Ne7 47. b6 Kc6
48. Bf6 1-0

[Event "Open Parla 2008"]
[Site "Parla ESP"]
[Date "2008.09.12"]
[Round "7.19"]
[White "Ferreiro Calvo, Manuel"]
[Black "Elissalt Cardenas, Hector"]
[Result "0-1"]
[WhiteElo "2034"]
[BlackElo "2317"]
[PlyCount "78"]
[EventDate "2008.09.06"]
[EventType "swiss"]
[EventRounds "9"]
[EventCountry "AUT"]
[Source "lmi"]
[SourceDate "2008.09.06"]

1. Nf3 e6 2. g3 b6 3. Bg2 Bb7 4. O-O f5 5. d4 Nf6 6. c4 Be7 7. Nc3 Ne4 8. Qc2
Nxc3 9. Qxc3 Be4 10. Rd1 Bf6 11. Qa3 d6 12. Bd2 Nd7 13. Bc3 a5 14. b3 O-O 15.
Qb2 a4 16. Ne1 Bxg2 17. Nxg2 Qe7 18. Qc2 Qf7 19. Re1 e5 20. dxe5 Bxe5 21. Bxe5
Nxe5 22. Nf4 Ra7 23. Nd5 Rfa8 24. Rab1 Re8 25. Red1 axb3 26. axb3 Nc6 27. Rd2
Re4 28. Qc3 Qe8 29. Ra1 Qa8 30. Rxa7 Qxa7 31. Qf3 Nd4 32. Rxd4 Qa1+ 33. Kg2
Qxd4 34. Qxf5 Qe5 35. Qc8+ Qe8 36. Qxc7 Rxe2 37. Qxd6 Qe4+ 38. Kh3 Qf5+ 39. Kh4
Re4+ 0-1

[Event "Open Parla 2008"]
[Site "Parla ESP"]
[Date "2008.09.12"]
[Round "7.20"]
[White "Ballesteros Gonzalez, David"]
[Black "Jurado Rodriguez, Wilfredo"]
[Result "1-0"]
[WhiteElo "2285"]
[BlackElo "2030"]
[PlyCount "111"]
[EventDate "2008.09.06"]
[EventType "swiss"]
[EventRounds "9"]
[EventCountry "AUT"]
[Source "lmi"]
[SourceDate "2008.09.06"]

1. d4 Nf6 2. Nf3 g6 3. g3 Bg7 4. Bg2 O-O 5. O-O d6 6. c4 c5 7. d5 a6 8. Nc3
Nbd7 9. Bd2 Rb8 10. a4 Ng4 11. Qb3 Qb6 12. Qc2 Nge5 13. Nxe5 Nxe5 14. b3 Qc7
15. Rab1 Nd7 16. f4 Re8 17. e4 Nf8 18. Rfe1 e5 19. f5 f6 20. h4 Bd7 21. Bf1 Re7
22. g4 Qc8 23. Bh3 Qe8 24. Rf1 Rf7 25. Rf3 b5 26. axb5 axb5 27. Rbf1 bxc4 28.
bxc4 Rb4 29. Qd3 Rb3 30. Qc2 Qb8 31. g5 Rb2 32. Qd3 Qd8 33. Kh1 Kh8 34. Nd1 Rb7
35. Nf2 Qe8 36. Qe2 Rb2 37. Nd1 Rxd2 38. Qxd2 gxf5 39. Bxf5 Bxf5 40. Rxf5 Ng6
41. gxf6 Bf8 42. h5 Nf4 43. Ne3 Qd7 44. Rg1 Qd8 45. Ng4 Qd7 46. Rg5 h6 47. Rf5
Kh7 48. Rxf4 exf4 49. Qxf4 Qc8 50. Kh2 Qd7 51. e5 dxe5 52. Qe4+ Kh8 53. Rg3 Bd6
54. Nxh6 Rf8 55. Rg7 Qe8 56. Qh7# 1-0

[Event "Open Parla 2008"]
[Site "Parla ESP"]
[Date "2008.09.12"]
[Round "7.21"]
[White "Tejedor Ariza, Francisco"]
[Black "Perez Gonzalez, Jose Manuel"]
[Result "0-1"]
[WhiteElo "2010"]
[BlackElo "2255"]
[PlyCount "116"]
[EventDate "2008.09.06"]
[EventType "swiss"]
[EventRounds "9"]
[EventCountry "AUT"]
[Source "lmi"]
[SourceDate "2008.09.06"]

1. e4 c5 2. Nf3 d6 3. d4 cxd4 4. Nxd4 Nf6 5. Nc3 e6 6. Be3 Be7 7. f3 Nc6 8. Qd2
O-O 9. O-O-O a6 10. g4 Nd7 11. h4 Nde5 12. Nxc6 bxc6 13. Be2 Rb8 14. f4 Nd7 15.
g5 Qa5 16. Bc4 d5 17. Bb3 Bb4 18. exd5 exd5 19. h5 Nc5 20. h6 Ne4 21. Qd4 Bxc3
22. bxc3 Qxc3 23. Qxc3 Nxc3 24. Rd3 Ne2+ 25. Kd2 Ng3 26. hxg7 Re8 27. Rh6 Be6
28. Ba7 Ne4+ 29. Kc1 Rbc8 30. Rd1 Kxg7 31. Ba4 Ng3 32. Bd4+ Kg8 33. Be5 Nf5 34.
Rh2 Ne3 35. Rdh1 Bf5 36. Rh4 Ng4 37. c3 Nxe5 38. fxe5 Rxe5 39. Bc2 Bxc2 40.
Kxc2 Rxg5 41. Rxh7 Rc7 42. Rh8+ Kg7 43. Ra8 Rg2+ 44. Kd3 Rxa2 45. Kd4 Re7 46.
Kc5 Re6 47. Ra7 Ra5+ 48. Kd4 Ra4+ 49. Kd3 Rf4 50. Rxa6 Rf3+ 51. Kd2 Rg6 52. Rh2
Rfg3 53. Rh5 Rg2+ 54. Kc1 Rf2 55. Rh1 Rf3 56. Kc2 Rf2+ 57. Kd3 c5 58. Ra5 Rg3#
0-1

[Event "Open Parla 2008"]
[Site "Parla ESP"]
[Date "2008.09.12"]
[Round "7.22"]
[White "Rodriguez Yuste, Marcelo"]
[Black "Rodrigo Yanguas, Maria"]
[Result "1-0"]
[WhiteElo "2243"]
[BlackElo "1999"]
[PlyCount "95"]
[EventDate "2008.09.06"]
[EventType "swiss"]
[EventRounds "9"]
[EventCountry "AUT"]
[Source "lmi"]
[SourceDate "2008.09.06"]

1. c4 f5 2. Nc3 Nf6 3. g3 g6 4. Bg2 Bg7 5. f4 O-O 6. Nf3 d6 7. O-O c5 8. d3 Bd7
9. e4 Nc6 10. Bd2 a6 11. Rb1 b5 12. cxb5 axb5 13. e5 dxe5 14. Nxe5 Nxe5 15.
fxe5 Ng4 16. Nd5 Nxe5 17. Bg5 Bf6 18. Re1 Bxg5 19. Rxe5 e6 20. Nf4 Ra6 21. Rxc5
Qb6 22. d4 Be7 23. Rc2 Rxa2 24. Kh1 Ra4 25. Rd2 Bf6 26. Ne2 Rd8 27. b4 Be7 28.
d5 e5 29. d6 Bf8 30. Qb3+ Kh8 31. Qf7 Bc6 32. Rc1 Bxg2+ 33. Kxg2 Bxd6 34. Rcd1
Rf8 35. Qe6 Bc7 36. Qe7 Qc6+ 37. Kh3 Re8 38. Qf7 g5 39. Qxf5 Qe6 40. Qxe6 Rxe6
41. Rd7 Rc6 42. Rf1 Ra8 43. Rff7 Rh6+ 44. Kg4 Bb6 45. Nc3 Rxh2 46. Nd5 Bd4 47.
Nf6 Bc3 48. Rxh7+ 1-0

[Event "Open Parla 2008"]
[Site "Parla ESP"]
[Date "2008.09.12"]
[Round "7.23"]
[White "Estrada Martinez, Cesar"]
[Black "Tirado Parra, Alberto"]
[Result "1-0"]
[WhiteElo "2225"]
[BlackElo "1983"]
[PlyCount "105"]
[EventDate "2008.09.06"]
[EventType "swiss"]
[EventRounds "9"]
[EventCountry "AUT"]
[Source "lmi"]
[SourceDate "2008.09.06"]

1. Nf3 Nf6 2. c4 e6 3. d4 d5 4. Nc3 Be7 5. Bg5 O-O 6. e3 h6 7. Bh4 b6 8. cxd5
exd5 9. Bd3 Be6 10. Ne5 Nfd7 11. Bxe7 Qxe7 12. Nxd7 Nxd7 13. O-O c5 14. Qf3 Nf6
15. Rad1 cxd4 16. exd4 Bg4 17. Nxd5 Nxd5 18. Qxg4 Rad8 19. a3 Qf6 20. g3 Ne7
21. Rfe1 g6 22. Bc2 h5 23. Qe2 Nc6 24. d5 Nd4 25. Qe7 Qxe7 26. Rxe7 Nxc2 27.
Re2 Rc8 28. d6 Rc4 29. d7 Rd4 30. Red2 Rxd2 31. Rxd2 Rd8 32. Rxc2 Rxd7 33. Kg2
Kg7 34. Kf3 Rd3+ 35. Ke4 Rd1 36. f4 Kf6 37. Rc7 Rd2 38. b4 Rxh2 39. Rxa7 Rg2
40. Ra6 Rxg3 41. Rxb6+ Kg7 42. a4 h4 43. Rc6 h3 44. Rc1 Rb3 45. b5 Rb4+ 46. Kd5
Rxa4 47. b6 Rb4 48. Kc5 Rb2 49. Kc6 Kf6 50. b7 Kf5 51. Rc5+ Kxf4 52. Rb5 Rc2+
53. Kb6 1-0

[Event "Open Parla 2008"]
[Site "Parla ESP"]
[Date "2008.09.12"]
[Round "7.24"]
[White "Sanchez Rodriguez, Jaime"]
[Black "Adan Bermudez, Sergio"]
[Result "0-1"]
[WhiteElo "1963"]
[BlackElo "2205"]
[PlyCount "82"]
[EventDate "2008.09.06"]
[EventType "swiss"]
[EventRounds "9"]
[EventCountry "AUT"]
[Source "lmi"]
[SourceDate "2008.09.06"]

1. d4 Nf6 2. Bg5 c6 3. Nd2 Qb6 4. Ngf3 Qxb2 5. e4 d5 6. Rb1 Qc3 7. Rb3 Qa5 8.
Bxf6 dxe4 9. Be5 exf3 10. Qxf3 Nd7 11. Bc4 Nxe5 12. dxe5 Qxe5+ 13. Re3 Qf6 14.
Qd1 Bf5 15. O-O e6 16. Qb1 Rb8 17. Rfe1 Bc5 18. Rf3 O-O 19. Bd3 Qg5 20. Ne4 Qe7
21. c3 Bg6 22. h4 Bb6 23. h5 Bxh5 24. Rh3 Bg6 25. Ng3 Rbd8 26. Bxg6 fxg6 27.
Ne4 Rf4 28. Re2 Rh4 29. Rg3 Rd5 30. Rf3 Bc7 31. Ng3 Bxg3 32. fxg3 Rhh5 33. Qb3
Qc5+ 34. Ref2 Rhf5 35. Qc2 Qd6 36. Qe2 Rd1+ 37. Rf1 Qc5+ 38. R3f2 Rxf1+ 39.
Kxf1 Qxf2+ 40. Qxf2 Rxf2+ 41. Kxf2 Kf7 0-1

[Event "Open Parla 2008"]
[Site "Parla ESP"]
[Date "2008.09.12"]
[Round "7.25"]
[White "Escobar Pena, Rafael"]
[Black "Gomez Peco, Pablo"]
[Result "0-1"]
[WhiteElo "1962"]
[BlackElo "2197"]
[PlyCount "84"]
[EventDate "2008.09.06"]
[EventType "swiss"]
[EventRounds "9"]
[EventCountry "AUT"]
[Source "lmi"]
[SourceDate "2008.09.06"]

1. e4 c6 2. d4 d5 3. Nc3 dxe4 4. Nxe4 Bf5 5. Ng3 Bg6 6. Nf3 Nd7 7. h4 h6 8. h5
Bh7 9. Bd3 Bxd3 10. Qxd3 e6 11. Bf4 Qa5+ 12. Kf1 Ngf6 13. Ne4 Nxe4 14. Qxe4
Qb5+ 15. Kg1 Nf6 16. Qd3 Qxb2 17. Kh2 Qb5 18. Qxb5 cxb5 19. Rhb1 Nxh5 20. Bd2
Bd6+ 21. Kh1 a6 22. a4 O-O 23. axb5 Rfc8 24. bxa6 Rxa6 25. Rxa6 bxa6 26. Rb6
Bf4 27. Rxa6 Bxd2 28. Nxd2 Rxc2 29. Ne4 f5 30. Ra5 fxe4 31. Rxh5 Rxf2 32. Re5
Kf7 33. Rxe4 g5 34. g4 Kf6 35. Re3 Rf4 36. Rh3 Kg7 37. Re3 Kf6 38. Rh3 Rxg4 39.
Rxh6+ Kf5 40. Kh2 Rh4+ 41. Rxh4 gxh4 42. Kh3 Ke4 0-1

[Event "Open Parla 2008"]
[Site "Parla ESP"]
[Date "2008.09.12"]
[Round "7.26"]
[White "Anton Veiga, Juan Carlos"]
[Black "Prada Valderrey, Julian"]
[Result "1-0"]
[WhiteElo "2153"]
[BlackElo "1905"]
[PlyCount "47"]
[EventDate "2008.09.06"]
[EventType "swiss"]
[EventRounds "9"]
[EventCountry "AUT"]
[Source "lmi"]
[SourceDate "2008.09.06"]

1. e4 e6 2. d4 d5 3. Nc3 Nf6 4. Bg5 Be7 5. Bxf6 Bxf6 6. Nf3 dxe4 7. Nxe4 Nd7 8.
c3 b6 9. Bd3 Bb7 10. Qe2 Be7 11. Rd1 Qc8 12. O-O a5 13. Rfe1 h6 14. Bc2 Ra7 15.
d5 Nf6 16. Ba4+ Kf8 17. Nxf6 gxf6 18. dxe6 fxe6 19. Bd7 Qd8 20. Nh4 Rg8 21.
Bxe6 Bd6 22. Bxg8 Kxg8 23. Qh5 Be4 24. Rxe4 1-0

[Event "Open Parla 2008"]
[Site "Parla ESP"]
[Date "2008.09.12"]
[Round "7.27"]
[White "Lopez de Turiso Sanchez, Jose Ang"]
[Black "Prada Teruel, Carlos"]
[Result "1-0"]
[WhiteElo "2137"]
[BlackElo "1949"]
[PlyCount "29"]
[EventDate "2008.09.06"]
[EventType "swiss"]
[EventRounds "9"]
[EventCountry "AUT"]
[Source "lmi"]
[SourceDate "2008.09.06"]

1. c4 e5 2. Nc3 f5 3. d4 e4 4. h4 Nf6 5. Nh3 d5 6. Bg5 dxc4 7. Qa4+ c6 8. Qxc4
Bd6 9. e3 h6 10. Bxf6 Qxf6 11. Nb5 cxb5 12. Qxc8+ Qd8 13. Bxb5+ Nd7 14. Bxd7+
Ke7 15. Qxd8+ 1-0

[Event "Open Parla 2008"]
[Site "Parla ESP"]
[Date "2008.09.12"]
[Round "7.28"]
[White "Molina Rodriguez, Jorge Luis"]
[Black "Cerrato Torrijos, Maria"]
[Result "1-0"]
[WhiteElo "2105"]
[BlackElo "1877"]
[PlyCount "63"]
[EventDate "2008.09.06"]
[EventType "swiss"]
[EventRounds "9"]
[EventCountry "AUT"]
[Source "lmi"]
[SourceDate "2008.09.06"]

1. d4 Nf6 2. Nf3 e6 3. c4 b6 4. g3 Ba6 5. b3 b5 6. cxb5 Bxb5 7. Bg2 Bc6 8. O-O
Be7 9. Nbd2 O-O 10. Qc2 a5 11. a3 Bb5 12. Re1 d6 13. Bb2 Nbd7 14. e4 c5 15. e5
Nd5 16. exd6 Bxd6 17. Ne4 Be7 18. dxc5 Rc8 19. b4 axb4 20. axb4 e5 21. Qb3 N5f6
22. Nxe5 Nxe4 23. Nxd7 Bxd7 24. Bxe4 Rb8 25. Rad1 Qc8 26. Bxh7+ Kxh7 27. Rxe7
Be6 28. Qc3 f6 29. Rd6 Bh3 30. Rxf6 Qg4 31. Qd3+ Kg8 32. Rg6 1-0

[Event "Open Parla 2008"]
[Site "Parla ESP"]
[Date "2008.09.12"]
[Round "7.30"]
[White "Sanchez-Guijaldo Vela, Demetrio"]
[Black "Camarero Izquierdo, Juan Carlos"]
[Result "1-0"]
[WhiteElo "2141"]
[BlackElo "1928"]
[PlyCount "91"]
[EventDate "2008.09.06"]
[EventType "swiss"]
[EventRounds "9"]
[EventCountry "AUT"]
[Source "lmi"]
[SourceDate "2008.09.06"]

1. e4 c5 2. Nf3 d6 3. d4 cxd4 4. Nxd4 Nf6 5. f3 e6 6. c4 Nxe4 7. fxe4 Qh4+ 8.
Ke2 Qxe4+ 9. Be3 e5 10. Nf3 Bg4 11. Kf2 Be7 12. h3 Bh5 13. Nc3 Qc6 14. Qd5 Bxf3
15. Qxf3 Qd7 16. Bd3 O-O 17. g4 Bh4+ 18. Kg2 Nc6 19. Nd5 Rae8 20. Be4 Ne7 21.
Nxe7+ Qxe7 22. Rhf1 b6 23. Rad1 Rc8 24. b3 Rc7 25. Bf2 Bg5 26. h4 Bf4 27. Bg3
g5 28. hxg5 Bxg5 29. Qf5 f6 30. Rh1 a6 31. Rh5 b5 32. Rdh1 h6 33. Qg6+ Qg7 34.
Bd5+ Rff7 35. Bxf7+ Rxf7 36. Qxg7+ Kxg7 37. Bh4 Bf4 38. Rf5 bxc4 39. bxc4 Rb7
40. Rxf6 Rb2+ 41. Kf3 Rxa2 42. Rxd6 Ra3+ 43. Ke4 a5 44. Rb1 Re3+ 45. Kf5 Bg5
46. Rd7+ 1-0

[Event "Open Parla 2008"]
[Site "Parla ESP"]
[Date "2008.09.12"]
[Round "7.31"]
[White "Argente Rodriguez, Juan Jose"]
[Black "Fernandez Garcia, Javier"]
[Result "1/2-1/2"]
[WhiteElo "2129"]
[BlackElo "1924"]
[PlyCount "76"]
[EventDate "2008.09.06"]
[EventType "swiss"]
[EventRounds "9"]
[EventCountry "AUT"]
[Source "lmi"]
[SourceDate "2008.09.06"]

1. c4 e6 2. g3 d5 3. Bg2 c6 4. Nf3 dxc4 5. Qc2 b5 6. b3 cxb3 7. axb3 Qb6 8. Bb2
Bb7 9. O-O Nd7 10. d4 Ngf6 11. e4 Be7 12. Nc3 c5 13. d5 exd5 14. Nxd5 Nxd5 15.
exd5 O-O 16. Rad1 Bf6 17. Bc1 a5 18. Qf5 Rfd8 19. Ng5 g6 20. Qf4 a4 21. Ne4
axb3 22. Nxf6+ Qxf6 23. Qc7 Qb6 24. Qf4 Ra2 25. Rfe1 Nf6 26. d6 Nh5 27. Qe5
Bxg2 28. Kxg2 c4 29. Bb2 Qb7+ 30. Kg1 f6 31. Qd4 Qa7 32. Qd5+ Qf7 33. Qd4 Ra7
34. Qb6 Rad7 35. Qxb5 Ng7 36. Re4 Nf5 37. Qxc4 Nxd6 38. Qxf7+ Nxf7 1/2-1/2

[Event "Open Parla 2008"]
[Site "Parla ESP"]
[Date "2008.09.12"]
[Round "7.32"]
[White "Penaranda Grilo, Juan Carlos"]
[Black "Martin Rodriguez, Emilio"]
[Result "0-1"]
[WhiteElo "1961"]
[BlackElo "2123"]
[PlyCount "84"]
[EventDate "2008.09.06"]
[EventType "swiss"]
[EventRounds "9"]
[EventCountry "AUT"]
[Source "lmi"]
[SourceDate "2008.09.06"]

1. d4 d5 2. Nf3 Nf6 3. c4 c6 4. e3 g6 5. Nc3 Bg7 6. cxd5 cxd5 7. Bb5+ Nc6 8.
O-O O-O 9. Qa4 Bd7 10. Bd2 a6 11. Bxc6 Bxc6 12. Qb3 Ne4 13. Rac1 Qd7 14. h3
Rac8 15. Qd1 f6 16. Nxe4 dxe4 17. Nh2 Bd5 18. b3 Rfd8 19. Bc3 Rc6 20. Qd2 Rdc8
21. Bb2 e6 22. Rfd1 Bf8 23. Rxc6 Rxc6 24. Rc1 Kf7 25. Nf1 Bd6 26. Ng3 b5 27.
Rxc6 Qxc6 28. Bc3 h5 29. h4 Qc7 30. Ne2 g5 31. hxg5 fxg5 32. Ba5 Qe7 33. Bc3 b4
34. Bb2 h4 35. Kf1 Qf6 36. Ke1 Qf5 37. Kf1 g4 38. Kg1 g3 39. fxg3 hxg3 40. Nf4
Bxf4 41. exf4 Qh5 42. Qe1 Qh2+ 0-1

[Event "Open Parla 2008"]
[Site "Parla ESP"]
[Date "2008.09.12"]
[Round "7.33"]
[White "Ramirez Bulnes, Joaquin"]
[Black "Gomez, Gustavo Pizzocaro"]
[Result "1-0"]
[WhiteElo "1954"]
[BlackElo "2076"]
[PlyCount "53"]
[EventDate "2008.09.06"]
[EventType "swiss"]
[EventRounds "9"]
[EventCountry "AUT"]
[Source "lmi"]
[SourceDate "2008.09.06"]

1. c4 Nf6 2. Nc3 e5 3. g3 d6 4. Bg2 g6 5. e3 Bg7 6. Nge2 O-O 7. O-O c6 8. d4
Nbd7 9. b3 Re8 10. Ba3 Nf8 11. Rc1 Nh5 12. Ne4 d5 13. Nd6 Re6 14. Nxc8 Rxc8 15.
cxd5 cxd5 16. Rxc8 Qxc8 17. Bxd5 Ra6 18. Bxf8 Kxf8 19. Qc1 Qxc1 20. Rxc1 Rxa2
21. Rc8+ Ke7 22. Bc4 Kd7 23. Rb8 Kc7 24. Rg8 f5 25. h3 Bh6 26. dxe5 Rd2 27. g4
1-0